MARC
| LEADER | 000000000a22000000004500 | ||
|---|---|---|---|
| 001 | 005712 | ||
| 100 | 1 | |a Quesada, Jorge Arturo | |
| 245 | 1 | 0 | |a Levels of frames in the people's court / |c Jorge Arturo Quesada. |
| 310 | |a semestral | ||
| 650 | 4 | |a CRÍTICAS | |
| 773 | 0 | |d Heredia, Costa Rica : Editorial de la Universidad Nacional |t Letras |g número 20-21 (1987), páginas 162-193 | |
| 942 | |c ARC | ||
| 999 | |c 12466 |d 12466 | ||
